Indice del boletín de la Junta Auxiliar Jalisciense de la Sociedad de Geografía y Estadística /

שמור ב:
מידע ביבליוגרפי
מחבר ראשי: Murià, José María (autor)
מחברים אחרים: Velázquez, Bertha (autor) (autor), Peregrina, Angélica (autor) (autor)
פורמט: ספר
שפה:ספרדית
סדרה:(Cuadernos de los Centros Regionales)
נושאים:
תגים: הוספת תג
אין תגיות, היה/י הראשונ/ה לתייג את הרשומה!

MARC

LEADER 00000nam^a2200000^a^4500
001 000270554
005 20250521000000.0
009 20260310111000.997
025 |a Donación Francisco J. Núñez de la Peña, 1 ejemplar 
037 |a Acervo ITESO - Biblioteca 
041 |a ESP 
082 |a 972. 35005  |b MUR 
100 |a Murià, José María  |e (autor) 
245 1 0 |a Indice del boletín de la Junta Auxiliar Jalisciense de la Sociedad de Geografía y Estadística /  |c J.M. Muriá, B. Velázquez, A. Peregrina. 
264 |a México :  |b Secretaría de Educación Pública :  |b INAH,  |c 1978 
300 |a 24 p. 
336 |a texto  |b txt  |2 rdacontenido 
337 |a sin mediación  |b n  |2 rdamedio 
338 |a volumen  |b nc  |2 rdasoporte 
440 1 |a (Cuadernos de los Centros Regionales) 
649 |a XX 
650 |a Sociedad Mexicana de Geografía y Estadística -  |x Historia 
650 |a Publicaciones Periódicas Jaliscienses -  |x Historia 
650 |a Geografía -  |z Jalisco -  |x Estudio y Enseñanza 
650 |a Jalisco -  |x Historia -  |x Estudio y Enseñanza 
650 |a Indices 
700 |a Velázquez, Bertha  |e (autor) 
700 |a Peregrina, Angélica  |e (autor) 
910 |a Fondo General 
920 |a Impresos - Libros 
930 |a Colección General 
905 |a 101 
901 |a 0500155679  |b IT1  |c ACC  |i D  |u 20250521 
902 |a https://opac.biblio.iteso.mx/vufind/Record/000270554